000 00522nam a2200193Ia 4500
005 20250326141508.0
008 250326s9999 xx 000 0 und d
020 _a0-02-916692-6
037 _aTextbook
040 _aFMSL
_beng
_cFMSL
041 _aeng
_2eng
084 _aX8(A).43 M9
_qFMSL
100 _aKang T W
_9744575
245 0 _aTo Karea the next Japan
_cKang T W
260 _aNew York
_bNew York, Frea Press
_c1989
300 _a208p
942 _cTB
_hX8(A).43 M9
999 _c1290566
_d1290566